Ako upravuje domácku prácu a teleprácu Zákonník práce
Ustanovenie paragrafu 52 Zákonníka práce upravujúci osobitné druhy pracovných pomerov, a to domácku prácu a teleprácu. Pracovné zmluvy osobitnej kategórie. Povinnosť zamestnávateľa zabezpečiť stravovanie zamestnancovi, ktorý vykonáva domácku prácu podľa paragrafu 152 ods. 6 a 7 Zákonníka práce.
Enregistré dans:
| Auteur principal: | |
|---|---|
| Format: | Chapitre de livre |
| Langue: | slovaque |
| Sujets: | |
| Tags: |
Pas de tags, Soyez le premier à ajouter un tag!
|
MARC
| LEADER | 00000naa a2200000 4500 | ||
|---|---|---|---|
| 001 | 0147729 | ||
| 005 | 20230912101630.9 | ||
| 041 | 0 | |a slo | |
| 044 | |a SK | ||
| 245 | 1 | 0 | |a Ako upravuje domácku prácu a teleprácu Zákonník práce |c Andrea Olšovská |
| 520 | |a Ustanovenie paragrafu 52 Zákonníka práce upravujúci osobitné druhy pracovných pomerov, a to domácku prácu a teleprácu. Pracovné zmluvy osobitnej kategórie. Povinnosť zamestnávateľa zabezpečiť stravovanie zamestnancovi, ktorý vykonáva domácku prácu podľa paragrafu 152 ods. 6 a 7 Zákonníka práce. | ||
| 610 | 2 | 0 | |a práca z domu |
| 610 | 2 | 0 | |a práca individuálna |
| 610 | 2 | 0 | |a rozvrhovanie práce |
| 610 | 2 | 0 | |a čas pracovný |
| 610 | 2 | 0 | |a zmluvy pracovné |
| 610 | 2 | 0 | |a zákonník práce |
| 100 | 1 | |a Olšovská, Andrea | |